2024 MLB Opening Day Starting Pitchers - Statistics

General Stats
  • This quiz has been taken 27 times
  • The average score is 15 of 30
Answer Stats
Team Pitcher % Correct
Orioles Corbin Burnes
76%
Astros Framber Valdez
76%
White Sox Garrett Crochet
71%
Braves Spencer Strider
71%
Tigers Tarik Skubal
71%
Dodgers Tyler Glasnow
71%
Yankees Nestor Cortes
67%
Padres Yu Darvish
67%
Phillies Zack Wheeler
67%
Mariners Luis Castillo
62%
Guardians Shane Bieber
62%
Diamondbacks Zac Gallen
62%
Cubs Justin Steele
57%
Red Sox Brayan Bello
52%
Royals Cole Ragans
52%
Giants Logan Webb
52%
Blue Jays Jose Berrios
48%
Nationals Josiah Gray
48%
Rangers Nathan Eovaldi
48%
Brewers Freddy Peralta
43%
Twins Pablo Lopez
43%
Pirates Mitch Keller
38%
Mets Jose Quintana
33%
Rockies Kyle Freeland
33%
Cardinals Mike Mikolas
29%
Rays Zach Eflin
29%
Marlins Jesus Luzardo
24%
Athletics Alex Wood
19%
Angels Patrick Sandoval
19%
Reds Frankie Montas
10%
No matching quizzes found
Score Distribution
Percent of People with Each Score
Percentile by Number Answered
Your Score History
You have not taken this quiz